[Event "Nizhnij Novgorod Dubinin Memorial 22nd"]
[Site "Nizhnij Novgorod"]
[Date "2015.??.??"]
[Round "7"]
[White "Baskakov, Egor"]
[Black "Bystrov, Nikolay"]
[Result "1/2-1/2"]
[WhiteElo "1963"]
[BlackElo "2053"]
[PlyCount "31"]
[EventDate "2015.01.03"]
[EventType "swiss"]
[EventRounds "9"]
[EventCountry "RUS"]
[SourceTitle "CBM 164 Extra"]
[Source "ChessBase"]
[SourceDate "2015.03.02"]
[SourceVersion "1"]
[SourceVersionDate "2015.03.02"]
[SourceQuality "1"]

1. Nf3 g6 2. g3 Bg7 3. Bg2 c5 4. e4 Nc6 5. 0-0 e5 6. Nc3 Nge7 7. Nd5 Nxd5 8. exd5 Ne7 9. c3 0-0 10. d4 cxd4 11. cxd4 exd4 12. Nxd4 d6 13. Re1 Nf5 14. Nxf5 Bxf5 15. Be4 Bxe4 16. Rxe4 1/2-1/2